Diccionario de derecho canónico : arreglado a la jurisprudencia eclesiástica española antigua y moderna /
שמור ב:
| פורמט: | ספר |
|---|---|
| שפה: | ספרדית |
| נושאים: | |
| תגים: |
אין תגיות, היה/י הראשונ/ה לתייג את הרשומה!
|
MARC
| LEADER | 00000nam^a2200000^a^4500 | ||
|---|---|---|---|
| 001 | 000380632 | ||
| 005 | 20250526000000.0 | ||
| 009 | 20260310120614.715 | ||
| 037 | |a Acervo Xavier Clavigero | ||
| 041 | |a ESP | ||
| 082 | |a 262. 903 |b DIC | ||
| 245 | 1 | 0 | |a Diccionario de derecho canónico : |b arreglado a la jurisprudencia eclesiástica española antigua y moderna / |
| 264 | |a París, Francia : |b Librería de Rosa y Bouret, |c 1853 | ||
| 300 | |a XI, 1124 p., [2] láminas ; |c 26.0 cm. | ||
| 336 | |a texto |b txt |2 rdacontenido | ||
| 337 | |a sin mediación |b n |2 rdamedio | ||
| 338 | |a volumen |b nc |2 rdasoporte | ||
| 501 | |a Encuadernación particular | ||
| 561 | |a Ex libris de Instituto de Literatura Puente Grande, Jal. | ||
| 561 | |a Ex libris de Bibl. Iunioratus Dom. Prob. S. Ioseph | ||
| 561 | |a Ex libris de Residentia Angelorum S.I. Mexici | ||
| 562 | |a Falta cubierta | ||
| 649 | |a XX | ||
| 650 | |a Iglesia Católica - |x Autoridad | ||
| 650 | |a Derecho Canónico - |x Enciclopedias y Diccionarios - |x Tema Principal | ||
| 650 | |a Catolicismo - |x Enciclopedias y Diccionarios | ||
| 650 | |a Cristianismo - |x Enciclopedias y Diccionarios | ||
| 650 | |a Religión - |x Enciclopedias y Diccionarios | ||
| 650 | |a Enciclopedias y Diccionarios | ||
| 910 | |a Fondo General | ||
| 920 | |a Impresos - Libros | ||
| 930 | |a Libros Antiguos y Raros | ||
| 905 | |a 108 | ||
| 901 | |a 0500275673 |b IT2 |c LRA |u 20250526 | ||
| 902 | |a https://opac.biblio.iteso.mx/vufind/Record/000380632 | ||